Disney or Hitchcock Quiz Stats

Quiz Updated Feb 18, 2016

Challenge
Share
Tweet
Embed
Score 0/20 Timer 05:00
2 Plays Today
'D' or 'H' Answer % Correct
'Why, you horrid man! You... you... all right, keep the little beasts for all I care. Do as you like with them. Drown them.' ???
85.6%
'How many times do I have to kill you, boy?'???
83.7%
'I’ll find her. I’ll find her if I have to burn down all of Paris!'???
82.1%
'What do you know about caring? Have you ever seen the inside of one of those places? The laughing, and the tears, and those cruel eyes studying you?'???
80.9%
'Were you in love with her? Did you honestly think she'd want you when she had someone like me? What's the matter, too kind and gentle to fight back?'???
79.8%
'Let me get this straight. You know her. She knows you. But she wants to eat him. And everybody's okay with this?'???
78.7%
'Good and evil, right and wrong were invented for the ordinary average man, the inferior man, because he needs them.'???
77.9%
'My friends, we are about to embark on the most odious, the most evil, the most diabolical scheme of my illustrious career!'???
77.6%
'Everyone has somebody that they want to put out of the way. Oh now surely you're not going to tell me that there hasn't been a time that you didn't want to dispose of someone.'???
74.1%
'Angel, ha! She's a female! And all females is poison! They're full of wicked wiles!'???
71.2%
'D' or 'H' Answer % Correct
'Ah, you have spirit for one so small. And such spirit is deserving of a sporting chance. Now, I’m going to close my eyes and count to ten. It makes the chase more interesting.'???
69%
'Are you sure you were talking about water skis? From where I sat it looked as though you were conjugating some irregular verbs. '???
66.6%
'It's lucky for both of us that I didn't. It wouldn't have been pretty if I'd believed in you. If I'd figured, she'll never be able to go through with it.'???
61.1%
'They said when you got here the whole thing started. Who are you? What are you? Where did you come from! I think you're evil. EVIL!'???
59.9%
'Power, yes... I want that as much as you want your job, or that girl. We all have different tastes as you can see, only I'm willing to back my tastes with the necessary force.'???
56.8%
'Don't whisper. When you whisper, anyone could hear you a block away.'???
56.5%
'A jealous female can be tricked into anything.'???
55.3%
'Only one is a wanderer; two together are always going somewhere.'???
42.1%
'I know what it is to feel lonely and helpless and to have the whole world against me, and those are things that no men or women ought to feel.'???
38.8%
'Look down there. It's easy, isn't it? Why don't you? Why don't you? Go on. Go on. Don't be afraid...'???
31.6%

You're not logged in!

Compare scores with friends on all Sporcle quizzes.
Sign Up with Email
OR
Log In

You Might Also Like...

Show Comments

Extras

Top Quizzes Today


Score Distribution

Your Account Isn't Verified!

In order to create a playlist on Sporcle, you need to verify the email address you used during registration. Go to your Sporcle Settings to finish the process.